The role of efficiency research in the improvement of estate management (Record no. 88893)
[ view plain ]
| 000 -LEADER | |
|---|---|
| fixed length control field | 00801cam a22002651 4500 |
| 001 - CONTROL NUMBER | |
| control field | sa 68019457 |
| 003 - CONTROL NUMBER IDENTIFIER | |
| control field | DLC |
| 005 - DATE AND TIME OF LATEST TRANSACTION | |
| control field | 20260227112717.0 |
| 008 - FIXED-LENGTH DATA ELEMENTS--GENERAL INFORMATION | |
| fixed length control field | 940419s1962 io 100 0 eng |
| 010 ## - LIBRARY OF CONGRESS CONTROL NUMBER | |
| LC control number | sa 68019457 |
| 025 ## - OVERSEAS ACQUISITION NUMBER | |
| Overseas acquisition number | PL480:Indo-8011 |
| 035 ## - SYSTEM CONTROL NUMBER | |
| System control number | (OCoLC)30264165 |
| 040 ## - CATALOGING SOURCE | |
| Original cataloging agency | DLC |
| Transcribing agency | CU |
| Modifying agency | DLC |
| 042 ## - AUTHENTICATION CODE | |
| Authentication code | premarc |
| 050 00 - LIBRARY OF CONGRESS CALL NUMBER | |
| Classification number | S561 |
| Item number | .P38 |
| 100 1# - MAIN ENTRY--PERSONAL NAME | |
| Personal name | Penny, David Harry. |
| 245 14 - TITLE STATEMENT | |
| Title | The role of efficiency research in the improvement of estate management |
| Statement of responsibility, etc. | by D.H. Penny and S.B. Simandjuntak. |
| 260 ## - PUBLICATION, DISTRIBUTION, ETC. | |
| Place of publication, distribution, etc. | [Medan? |
| Date of publication, distribution, etc. | 1962?] |
| 300 ## - PHYSICAL DESCRIPTION | |
| Extent | 16 p. |
| Dimensions | 33 cm. |
| 500 ## - GENERAL NOTE | |
| General note | At head of title: Planters Conference, 1962. |
| 500 ## - GENERAL NOTE | |
| General note | Cover. |
| 650 #0 - SUBJECT ADDED ENTRY--TOPICAL TERM | |
| Topical term or geographic name entry element | Farm management. |
| 650 #0 - SUBJECT ADDED ENTRY--TOPICAL TERM | |
| Topical term or geographic name entry element | Agriculture |
| General subdivision | Economic aspects |
| -- | Research. |
| 700 1# - ADDED ENTRY--PERSONAL NAME | |
| Personal name | Simandjuntak, S. B., |
| Relator term | joint author. |
No items available.